000 00607cam a22002053a 4500
001 39200
003 PGUSA
005 20140828083854.0
008 120319s2012||||xxu|||||s|||||000 | eng d
040 _aPGUSA
_beng
042 _adc
100 1 _aLanier, Sidney,
_d1842-1881
245 1 4 _aThe English Novel :
_bAnd the Principle of its Development
_h[electronic resource] /
_cSidney Lanier
260 _bProject Gutenberg,
_c2012
506 _aPublic domain in the USA.
516 _aElectronic text
830 0 _aProject Gutenberg
_v39200
856 4 0 _uhttp://www.gutenberg.org/ebooks/39200
942 _cEB
999 _c268453
_d268453